Next Nearest National Park Quiz Stats

 Plays Quiz not verified by Sporcle

Challenge
Share
Tweet
Embed
Score 0/58 Timer 10:00
0 Plays Today
Distance (in miles) National Park % Correct
0Acadia Naitonal Park
99.1%
677Shenandoah National Park
83.6%
333Great Smoky Mountains National Park
77.6%
180Mammoth Cave National Park
71.6%
373Cuyahoga Valley National Park
64.2%
22Everglades National Park
62.5%
520Congaree National Park
59.9%
577Biscayne National Park
59.5%
147Dry Tortugas National Park
59.5%
915Hot Springs National Park
56.5%
204Big Bend National Park
55.6%
52Bryce Canyon National Park
54.7%
676Carlsbad Caverns National Park
54.3%
102Zion National Park
54.3%
37Arches National Park
54.3%
31Guadalupe Mountains National Park
53.9%
146Grand Canyon National Park
53.9%
75Canyonlands National Park
53.9%
489Saguaro National Park
53%
69Capitol Reef National Park
53%
208Petrified Forest National Park
52.6%
100Mesa Verde National Park
52.2%
101Black Canyon of the Gunnison National Park
51.3%
160Great Sand Dunes National Park
51.3%
179Rocky Mountain National Park
50.9%
375Yellowstone National Park
50.9%
57Grand Teton National Park
50.4%
360Glacier National Park
49.6%
248Wind Cave National Park
48.3%
Distance (in miles) National Park % Correct
75Badlands National Park
48.3%
116Olympic National Park
48.3%
113Mount Rainier National Park
47.4%
234Theodore Roosevelt National Park
47%
342North Cascades National Park
47%
141Redwood National Park
47%
277Crater Lake National Park
46.6%
214Yosemite National Park
46.6%
77Kings Canyon National Park
46.1%
34Sequoia National Park
46.1%
97Death Valley National Park
46.1%
235Channel Islands National Park
45.7%
199Joshua Tree National Park
45.3%
149Lassen Volcanic National Park
44.8%
109Hawaii Volcanoes National Park
42.2%
356Denali National Park & Preserve
41.4%
198Wrangell St. Elias National Park & Preserve
40.1%
467Great Basin National Park
39.7%
295Kenai Fjords National Park
39.2%
315 Gates of the Arctic National Park & Preserve
39.2%
7559Virgin Islands National Park
39.2%
187Isle Royale National Park
38.8%
2111Glacier Bay National Park & Preserve
38.8%
1248Voyageurs National Park
38.4%
3234Haleakala National Park
38.4%
108Katmai National Park & Preserve
37.9%
2561National Park of American Samoa
37.9%
151Lake Clark National Park & Preserve
35.8%
155Kobuk Valley National Park
35.8%

You're not logged in!

Compare scores with friends on all Sporcle quizzes.
OR
Log In

You Might Also Like...

Show Comments

Extras

Created Aug 13, 2010SourceReportNominate
Tags:National Parks

Top Quizzes Today


Score Distribution

Your Account Isn't Verified!

In order to create a playlist on Sporcle, you need to verify the email address you used during registration. Go to your Sporcle Settings to finish the process.

Report this User

Report this user for behavior that violates our Community Guidelines.

Details: